00726nam a22001815i 4500001000700000003000900007005001700016008004100033040001400074130002900088245017700117260007200294300003400366650004100400710004400441752002400485852003500509157677ES-MaACL20230906210815.0940202s1896 sp |||| | lat d aCYL bspa0 aLex Romana Visigothorum.10aLegis Romanae Wisigothorum fragmenta ex Codice Palimpsesto Sanctae legionensis ecclesiae / cprotulit illustravit ac sumptu publico edidit Regia Historiae Academia Hispana. aMatriti : bapud Ricardum Fe, Regiae Academiae Typographum, c1896. a[6], XXVII, 439 p. ; c37 cm. 4aVisigodos-xDerecho y legislación.2 aReal Academia de la Historia (España) aEspaña - dMadrid aES-MaACLjB-65 z-- Enc. pasta